| 000 | 00793nam a22002890a 4500 | ||
|---|---|---|---|
| 001 | PT29870 | ||
| 003 | AR-LpoUNG | ||
| 005 | 20210202002357.0 | ||
| 008 | 191001s1983||||xxu|||||||||||||||||eng d | ||
| 040 |
_aAR-LpoUNG _bspa _cAR-LpoUNG _eaacr |
||
| 041 | _aeng | ||
| 044 | _axxu | ||
| 082 | 0 | _a388 277pro | |
| 245 | 1 | 0 |
_aProducer gas : _banother fuel for motor transport |
| 250 | _a1ra. ed. | ||
| 260 |
_aWashington, D. C. : _bNational Academy, _c1983. |
||
| 300 |
_avii, 103 p. : _bil. |
||
| 650 | 4 | _aASPECTOS INDUSTRIALES | |
| 650 | 4 | _aCOMBUSTIBLES | |
| 650 | 4 | _aINGENIERIA | |
| 650 | 4 | _aMOTORES | |
| 650 | 4 | _aMOTORES DE GASOLINA | |
| 651 | 4 | _aDOCUMENTOS TEORICOS O METODOLOGICOS | |
| 710 | 2 | _aNational Research Council (Washington, D. C.) | |
| 905 | _a29870 | ||
| 942 | _cLIB | ||
| 999 |
_c56027 _d56027 |
||